Statistics for Popes

Click here to take the quiz!

General Stats

  • This quiz has been taken 18 times
  • The average score is 85 of 264

Answer Stats

YearsAnswer% Correct
2013-PresentFrancis
81%
2005-2013Benedict XVI
75%
523-526John I
69%
1978John-Paul I
69%
1978-2005John-Paul II
69%
30-68Peter
69%
575-579Benedict I
63%
684-685Benedict II
63%
855-858Benedict III
63%
900-903Benedict IV
63%
964Benedict V
63%
973-974Benedict VI
63%
974-983Benedict VII
63%
1012-1024Benedict VIII
63%
533-535John II
63%
561-574John III
63%
640-642John IV
63%
685-686John V
63%
701-705John VI
63%
705-707John VII
63%
872-882John VIII
63%
140-155Pius I
63%
1458-1464Pius II
63%
1503Pius III
63%
1303-1304Benedict XI
56%
757-767Paul I
56%
1464-1471Paul II
56%
1534-1549Paul III
56%
1559-1565Pius IV
56%
1566-1572Pius V
56%
1775-1799Pius VI
56%
1800-1823Pius VII
56%
1829-1830Pius VIII
56%
1032-1045, 1048Benedict IX
50%
1334-1342Benedict XII
50%
1724-1730Benedict XIII
50%
1740-1758Benedict XIV
50%
1914-1922Benedict XV
50%
88-99Clement I
50%
1198-1216Innocent III
50%
440-461Leo I
50%
682-683Leo II
50%
795-816Leo III
50%
847-855Leo IV
50%
903Leo V
50%
928Leo VI
50%
936-939Leo VII
50%
964-965Leo VIII
50%
1605-1621Paul V
50%
1963-1978Paul VI
50%
105-115Alexander I
44%
1061-1073Alexander II
44%
1046-1047Clement II
44%
1187-1191Clement III
44%
1265-1268Clement IV
44%
1305-1314Clement V
44%
1342-1352Clement VI
44%
1523-1534Clement VII
44%
1592-1605Clement VIII
44%
590-604Gregory I
44%
715-731Gregory II
44%
731-741Gregory III
44%
827-844Gregory IV
44%
996-999Gregory V
44%
1045-1046Gregory VI
44%
1073-1085Gregory VII
44%
1187Gregory VIII
44%
898-900John IX
44%
914-928John X
44%
931-935John XI
44%
955-964John XII
44%
965-972John XIII
44%
983-984John XIV
44%
1024-1032John XIX
44%
985-996John XV
44%
1003John XVII
44%
1003-1009John XVIII
44%
1276-1277John XXI
44%
1316-1334John XXII
44%
1958-1963John XXIII
44%
1513-1521Leo X
44%
1555-1559Paul IV
44%
1846-1878Pius IX
44%
1903-1914Pius X
44%
1922-1939Pius XI
44%
1159-1181Alexander III
38%
1254-1261Alexander IV
38%
1492-1503Alexander VI
38%
1655-1667Alexander VII
38%
1689-1691Alexander VIII
38%
418-422Boniface I
38%
530-532Boniface II
38%
607Boniface III
38%
608-615Boniface IV
38%
619-625Boniface V
38%
896Boniface VI
38%
1294-1303Boniface VIII
38%
1667-1669Clement IX
38%
1670-1676Clement X
38%
1700-1721Clement XI
38%
1730-1740Clement XII
38%
1758-1769Clement XIII
38%
1769-1774Clement XIV
38%
1227-1241Gregory IX
38%
1271-1276Gregory X
38%
1370-1378Gregory XI
38%
1406-1415Gregory XII
38%
1572-1585Gregory XIII
38%
401-417Innocent I
38%
337-352Julius I
38%
1503-1513Julius II
38%
1049-1054Leo IX
38%
1605Leo XI
38%
1823-1829Leo XII
38%
1878-1903Leo XIII
38%
1939-1958Pius XII
38%
314-335Sylvester I
38%
1389-1404Boniface IX
31%
1590-1591Gregory XIV
31%
1621-1623Gregory XV
31%
1831-1846Gregory XVI
31%
1130-1143Innocent II
31%
1550-1555Julius III
31%
254-257Stephen I
31%
752-757Stephen II
31%
768-772Stephen III
31%
816-817Stephen IV
31%
885-891Stephen V
31%
896-897Stephen VI
31%
929-931Stephen VII
31%
939-942Stephen VIII
31%
999-1003Sylvester II
31%
222-230Urban I
31%
1088-1099Urban II
31%
1185-1187Urban III
31%
1261-1264Urban IV
31%
1362-1370Urban V
31%
1378-1389Urban VI
31%
1590Urban VII
31%
1623-1644Urban VIII
31%
772-795Adrian I
25%
678-681Agatho
25%
422-432Celestine I
25%
1143-1144Celestine II
25%
1243-1254Innocent IV
25%
1591Innocent IX
25%
1276Innocent V
25%
1352-1362Innocent VI
25%
1404-1406Innocent VII
25%
1484-1492Innocent VIII
25%
1644-1655Innocent X
25%
1676-1689Innocent XI
25%
1691-1700Innocent XII
25%
1721-1724Innocent XIII
25%
64-79Linus
25%
858-867Nicholas I
25%
1058-1061Nicholas II
25%
1277-1280Nicholas III
25%
1288-1292Nicholas IV
25%
1447-1455Nicholas V
25%
115-125Sixtus I
25%
257-258Sixtus II
25%
432-440Sixtus III
25%
1057-1058Stephen IX
25%
1045Sylvester III
25%
827Valentine
25%
867-872Adrian II
19%
884-885Adrian III
19%
1154-1159Adrian IV
19%
1276Adrian V
19%
1522-1523Adrian VI
19%
76-91Anacletus
19%
399-401Anastasius I
19%
496-498Anastasius II
19%
911-913Anastasius III
19%
1153-1154Anastasius IV
19%
1191-1198Celestine III
19%
1241Celestine IV
19%
1294Celestine V
19%
708-715Constantine
19%
236-250Fabian
19%
891-896Formosus
19%
625-638Honorius I
19%
1124-1130Honorius II
19%
1216-1227Honorius III
19%
1285-1287Honorius IV
19%
913-914Lando Calrissian
19%
308-309Marcellus I
19%
1555Marcellus II
19%
336Mark
19%
649-655Martin I
19%
1281-1285Martin IV
19%
1417-1431Martin V
19%
230-235Pontian
19%
687-701Sergius I
19%
844-847Sergius II
19%
904-911Sergius III
19%
1009-1012Sergius IV
19%
1471-1484Sixtus IV
19%
1585-1590Sixtus V
19%
642-649Theodore I
19%
897Theodore II
19%
615-618Adeodatus I
13%
672-676Adeodatus II
13%
535-536Agapetus I
13%
946-955Agapetus II
13%
155-166Anicetus
13%
235-236Anterus
13%
283-296Caius
13%
217-222Callixtus I
13%
1119-1124Callixtus II
13%
1455-1458Callixtus III
13%
686-687Conon
13%
251-253Cornelius
13%
366-384Damasus I
13%
1048Damasus II
13%
259-268Dionysius
13%
676-678Donus
13%
174-189Eleutherius
13%
654-657Eugene I
13%
824-827Eugene II
13%
1145-1153Eugene III
13%
1431-1447Eugene IV
13%
309-310Eusebius
13%
275-283Eutychian
13%
99-105Evaristus
13%
269-274Felix I
13%
483-492Felix III
13%
526-530Felix IV
13%
492-496Gelasius I
13%
1118-1119Gelasius II
13%
461-468Hilary/Hilarius
13%
514-523Hormisdas
13%
136-140Hyginus
13%
352-366Liberius
13%
253-254Lucius I
13%
1144-1145Lucius II
13%
1181-1185Lucius III
13%
296-304Marcellinus
13%
882-884Marinus I
13%
942-946Marinus II
13%
311-314Miltiades
13%
817-824Paschal I
13%
1099-1118Paschal II
13%
556-561Pelagius I
13%
579-590Pelagius II
13%
897Romanus
13%
604-606Sabinian
13%
640Severinus
13%
536-537Silverius
13%
468-483Simplicius
13%
384-399Siricius
13%
708Sisinnius
13%
166-174Soter
13%
498-514Symmachus
13%
125-136Telesphorus
13%
189-199Victor I
13%
1055-1057Victor II
13%
1086-1087Victor III
13%
537-555Vigilius
13%
657-672Vitalian
13%
741-752Zachary
13%
199-217Zephyrinus
13%
417-418Zosimus
13%

Score Distribution

Percentile by Number Answered

Percent of People with Each Score

Your Score History

You have not taken this quiz